[Event "Sitges Sunway op-B 6th"]
[Site "Sitges"]
[Date "2019.12.20"]
[Round "8.1"]
[White "Rathina, Sabapathi A"]
[Black "Roch, Florian"]
[Result "1-0"]
[WhiteElo "1759"]
[BlackElo "1979"]
[PlyCount "129"]
[EventDate "2019.12.13"]
[EventType "swiss"]
[EventRounds "10"]
[EventCountry "ESP"]
[SourceTitle "EXT 2024"]
[Source "ChessBase"]
[SourceDate "2023.10.10"]
[SourceVersion "1"]
[SourceVersionDate "2023.10.10"]
[SourceQuality "1"]

1. d4 Nf6 2. Nf3 e6 3. Bg5 c5 4. e3 Qb6 5. Nc3 d5 6. Bxf6 gxf6 7. a3 Bd7 8. Rb1 Nc6 9. dxc5 Qxc5 10. e4 d4 11. Ne2 Qa5+ 12. Qd2 Qxd2+ 13. Nxd2 a5 14. Nf4 Bd6 15. g3 Ke7 16. Bb5 Rac8 17. Ke2 Rc7 18. Rhc1 Rhc8 19. Nd3 b6 20. Nb3 e5 21. c4 Be6 22. Nd2 f5 23. f3 fxe4 24. fxe4 f5 25. Kf3 Rf8 26. Rf1 Na7 27. Ba6 Bd7 28. Ke2 fxe4 29. Nxe4 Bg4+ 30. Kd2 Bf3 31. Ng5 e4 32. Nxf3 exf3 33. Rbe1+ Kd8 34. Re4 Re7 35. Rxe7 Bxe7 36. Bb7 Bg5+ 37. Kd1 Kc7 38. Rxf3 Rxf3 39. Bxf3 Nc8 40. Kc2 Kd6 41. b4 axb4 42. axb4 Ne7 43. Kb3 h6 44. c5+ bxc5 45. bxc5+ Kc7 46. Kc4 Bf6 47. Nf4 Kb8 48. Be4 Be5 49. Ne2 Ng8 50. Nxd4 Kc7 51. Nb5+ Kd8 52. Kd5 Bb8 53. Ke6 Ne7 54. Nd6 h5 55. Bf3 h4 56. gxh4 Ng6 57. h5 Nf8+ 58. Kf7 Nd7 59. h6 Ne5+ 60. Kg8 Nd7 61. Kg7 Nxc5 62. h7 Bxd6 63. h8Q+ Kc7 64. Qa8 Be5+ 65. Kf7 1-0